Substorms (Record no. 14554)

MARC details
000 -LEADER
fixed length control field 00819nam a2200241Ia 4500
003 - CONTROL NUMBER IDENTIFIER
control field IN-BaIIA
008 - FIXED-LENGTH DATA ELEMENTS--GENERAL INFORMATION
fixed length control field 211028s9999 xx 000 0 eng d
020 ## - INTERNATIONAL STANDARD BOOK NUMBER
International Standard Book Number 92-9092-772-0
040 ## - CATALOGING SOURCE
Transcribing agency IIA Library
080 ## - UNIVERSAL DECIMAL CLASSIFICATION NUMBER
Universal Decimal Classification number 523.942(082.2)
Item number SUB
111 ## - MAIN ENTRY--MEETING NAME
Meeting name or jurisdiction name as entry element International Conference on Substorms
Number of part/section/meeting 5th
Location of meeting St.Peterburg, Russia
Date of meeting or treaty signing 2000 May 16-20
9 (RLIN) 25874
245 #0 - TITLE STATEMENT
Title Substorms
Remainder of title proceedings of fifth international conference on substorms held in St.Peterburg, Russia, May 16-20, 2000
Statement of responsibility, etc. edited by A. Wilson
260 ## - PUBLICATION, DISTRIBUTION, ETC.
Place of publication, distribution, etc. Noordwijk
Name of publisher, distributor, etc. European Space Agency
Date of publication, distribution, etc. 2000
300 ## - PHYSICAL DESCRIPTION
Extent xii, 626p.
490 ## - SERIES STATEMENT
Series statement ESA SP-443
650 ## - SUBJECT ADDED ENTRY--TOPICAL TERM
Topical term or geographic name entry element Magnetic storm
9 (RLIN) 25875
650 ## - SUBJECT ADDED ENTRY--TOPICAL TERM
Topical term or geographic name entry element Radar observations
9 (RLIN) 25876
650 ## - SUBJECT ADDED ENTRY--TOPICAL TERM
Topical term or geographic name entry element Solar system
650 ## - SUBJECT ADDED ENTRY--TOPICAL TERM
Topical term or geographic name entry element SP-443
9 (RLIN) 25877
650 ## - SUBJECT ADDED ENTRY--TOPICAL TERM
Topical term or geographic name entry element Substorm physics
9 (RLIN) 25878
700 ## - ADDED ENTRY--PERSONAL NAME
Personal name Wilson, A., ed.
942 ## - ADDED ENTRY ELEMENTS (KOHA)
Koha item type Books
Holdings
Withdrawn status Lost status Damaged status Not for loan Home library Current library Shelving location Date acquired Total Checkouts Full call number Barcode Date last seen Price effective from Koha item type Purchase Price
        IIA Library-Bangalore IIA Library-Bangalore General Stacks 05/04/2002   523.942(082.2)/ SUB 15476 05/11/2021 05/04/2002 Books € 60.00

Powered by Koha